Estadística para escuelas medias /
Guardado en:
| Autor Principal: | |
|---|---|
| Formato: | Libro |
| Publicado: |
Argentina :
Universidad Nacinal del Sur,
1987
|
| Materias: | |
| Etiquetas: |
Agregar Etiqueta
Sin Etiquetas, Sea el primero en etiquetar este registro!
|
| LEADER | 00558nam a22001695a 4500 | ||
|---|---|---|---|
| 001 | CEM.cems003434 | ||
| 005 | 19000101000000.0 | ||
| 008 | 130507s1987##################000#0#####d | ||
| 003 | CEMS | ||
| 082 | 0 | 4 | |a 311.2 |
| 100 | 1 | |a Iturmendi, Susana | |
| 245 | 1 | 0 | |a Estadística para escuelas medias / |c Susana Iturmendi |
| 260 | |a Argentina : |b Universidad Nacinal del Sur, |c 1987 | ||
| 300 | |a 130 p. | ||
| 505 | 0 | |a Traducción de Marta Mabel Campos. Bahía Blanca, l984. | |
| 653 | |a Estadistica-ensenanza secundar | ||
| 859 | |a CEMS |b BIB. CEMS - 11 de abril |h 311.2 |i It8 |p 15379.89 |t Ej.1 | ||
